The A level mindset : (Record no. 360185)
[ view plain ]
| 000 -LEADER | |
|---|---|
| fixed length control field | 00881nam a2200301Ia 4500 |
| 008 - FIXED-LENGTH DATA ELEMENTS--GENERAL INFORMATION | |
| fixed length control field | 181129s9999 xx 000 0 und d |
| 020 ## - INTERNATIONAL STANDARD BOOK NUMBER | |
| International Standard Book Number | 9781785830242 |
| 050 ## - LIBRARY OF CONGRESS CALL NUMBER | |
| Classification number | 370.1 |
| 050 ## - LIBRARY OF CONGRESS CALL NUMBER | |
| Item number | O116 2016 |
| 100 ## - MAIN ENTRY--PERSONAL NAME | |
| Personal name | Oakes, Steve |
| 245 #6 - TITLE STATEMENT | |
| Title | The A level mindset : |
| 245 #0 - TITLE STATEMENT | |
| Remainder of title | 40 activities for transforming student commitment, motivation and productivity / |
| 245 #0 - TITLE STATEMENT | |
| Statement of responsibility, etc | by Steve Oakes and Martin Griffin. |
| 260 ## - PUBLICATION, DISTRIBUTION, ETC. (IMPRINT) | |
| Place of publication, distribution, etc | Camarthen, Wales : |
| 260 ## - PUBLICATION, DISTRIBUTION, ETC. (IMPRINT) | |
| Name of publisher, distributor, etc | Crown House Publishing Limited, |
| 260 ## - PUBLICATION, DISTRIBUTION, ETC. (IMPRINT) | |
| Date of publication, distribution, etc | 2016 |
| 300 ## - PHYSICAL DESCRIPTION | |
| Extent | 147 pages : |
| 300 ## - PHYSICAL DESCRIPTION | |
| Other physical details | illustrations ; |
| 300 ## - PHYSICAL DESCRIPTION | |
| Dimensions | 23cm. |
| 650 ## - SUBJECT ADDED ENTRY--TOPICAL TERM | |
| Topical term or geographic name as entry element | A-level examinations -- |
| 650 ## - SUBJECT ADDED ENTRY--TOPICAL TERM | |
| Topical term or geographic name as entry element | Educational tests and measurements -- |
| 650 ## - SUBJECT ADDED ENTRY--TOPICAL TERM | |
| Topical term or geographic name as entry element | Students -- |
| 650 ## - SUBJECT ADDED ENTRY--TOPICAL TERM | |
| General subdivision | Great Britain. |
| 650 ## - SUBJECT ADDED ENTRY--TOPICAL TERM | |
| General subdivision | Psychology. |
| 650 ## - SUBJECT ADDED ENTRY--TOPICAL TERM | |
| General subdivision | Study and teaching -- Great Britain. |
| 700 ## - ADDED ENTRY--PERSONAL NAME | |
| Personal name | Griffin, Martin. |
| 700 ## - ADDED ENTRY--PERSONAL NAME | |
| Personal name | Title. |
| Withdrawn status | Lost status | Damaged status | Home library | Current library | Shelving location | Date acquired | Total Checkouts | Full call number | Barcode | Date last seen | Price effective from | Koha item type |
|---|---|---|---|---|---|---|---|---|---|---|---|---|
| Stonyhurst Southville International School (Malarayat) | Stonyhurst Southville International School (Malarayat) | 11/29/2018 | SHS 370.1 O116 2016 | SSISM5979 | 11/29/2018 | 11/29/2018 | Books |